000 00459nam a22001697a 4500
005 20180411122704.0
008 160523b xxu||||| |||| 00| 0 eng d
020 _a817188323-0
041 _aeng
082 _b4124
_a338.954
100 _aVyas,V.S.
_94255
245 _aIndias Agrarian Structure Economics Policies and sustainable Development
260 _aNew Delhi
_bAcademic Faundation
_c2003
300 _a383
650 _aManagement
_9241
942 _cBK
999 _c1382
_d1382